The principles of economic planning

Guardat en:
Dades bibliogràfiques
Autor principal: Lewis, W. Arthur (Autor)
Format: Llibre
Idioma:anglès
Publicat: Londres Unwin University Books 1952
Edició:2a. ed
Col·lecció:Unwin University Books, 2
Matèries:
Etiquetes: Afegir etiqueta
Sense etiquetes, Sigues el primer a etiquetar aquest registre!

MARC

LEADER 00000nam a2200000 a 4500
001 UCQ1264
003 CL-VaPUC
008 980709e19520000UK |||||||||||||||||eng|d
082 0 4 |a 338.9  |b LEW  |2 21 
100 |a Lewis, W. Arthur  |e author  |9 489146 
245 1 4 |a The principles of economic planning 
250 |a 2a. ed 
300 |a 128 p 
942 |c BK 
945 |d 19980709 00:00:00  |a crobeson 
260 |a Londres  |b Unwin University Books  |c 1952 
650 7 |a PLANIFICACION ECONOMICA  |2 CL-VaPUC  |9 321496 
650 0 |a Economía financiera  |9 359635 
650 0 |a Dinero  |9 314331 
650 0 |a Inversiones  |9 261520 
650 7 |a COMERCIO INTERNACIONAL  |2 CL-VaPUC  |9 414995 
650 0 |a Planificación del desarrollo  |9 326796 
583 |a last modification  |c 19980709 00:00:00  |k Rodrigo Vera 
490 0 |a Unwin University Books, 2 
999 |c 272267  |d 272265